| 000 | 00699nam a22002177a 4500 | ||
|---|---|---|---|
| 942 | _cBK | ||
| 999 |
_c475 _d475 |
||
| 005 | 20250420134812.0 | ||
| 008 | 200721b ||||| |||| 00| 0 eng d | ||
| 020 | _a9781441941381 | ||
| 040 | _cKCST | ||
| 082 |
_a621.395 _bWa Su |
||
| 100 |
_aWang, Alice _94637 |
||
| 245 |
_aSub-threshold design for ultra low-power systems / _cAlice Wang, Benton Highsmith Calhoun, Anantha P. Chandrakasan. |
||
| 260 |
_aNew York ; London : _bSpringer, _c2006. |
||
| 300 | _a209 p. | ||
| 650 |
_aLow voltage systems _xDesign and construction. _94638 |
||
| 650 |
_aPower electronics. _9589 |
||
| 700 |
_aCalhoun, Benton Highsmith _94639 |
||
| 700 |
_aChandrakasan, Anantha P. _9729 |
||
| 942 | _2ddc | ||